| 000 | 00610nam a2200217 a 4500 | ||
|---|---|---|---|
| 001 | 1866 | ||
| 003 | CO-ViMGA | ||
| 008 | 141112s2004 ck r 000 u spa d | ||
| 040 |
_aCO-ViMGA _bspa _cCO-ViMGA |
||
| 082 | 0 | 4 | _a923.2 B654ar |
| 100 | 1 | _aArciniegas, Germán | |
| 245 | 1 | 0 | _aBolívar y Santander, vidas paralelas |
| 260 |
_aSantafé de Bogotá : _bPlaneta, _c1995 |
||
| 300 | _a301 p | ||
| 490 | _aMemorias de la historia | ||
| 590 | _aEjemplares : 2 | ||
| 650 | 1 | 4 | _aBOLIVAR, SIMON 1783 - 1830 |
| 650 | 1 | 4 | _aCOLOMBIA - HISTORIA |
| 650 | 1 | 4 |
_aSANTANDER, FRANCISCO DE PAULA _950431 |
| 942 |
_2ddc _cBK |
||
| 999 |
_c14020 _d14020 |
||